00683nam a22002057a 4500003000500000005001700005008004100022010000900063011000900072035000900081040000900090100003600099245013400135260004000269300001100309500001100320502007700331650004000408650002900448CHAP20220329133141.0971013s1986 r 00010 d a2743 a3715 a2916 cCHAP00aRamírez Rodríguez, Gustavo. aEstudio preliminar de comportamiento fenológico de tres materiales de cebolla (Allium cepa L.) en la zona de Chapingo, México aChapingo, Méx. :bEl autor,c1986 a113 h. aD47-35 aTesis (Ing. Agr. Esp. en Fitotecnia) -- UACH. Departamento de Fitotecnia14aCebollaxEfecto del medio ambiente.14aCebollaxMéxico (Edo.)